00486nam a2200181Ia 4500999001700000003000400017005001700021008004100038020001500079040001800094082001900112100002800131245003900159260004300198300000900241650001000250942004400260 c16468d16468OSt20200606115924.0190216s9999||||xx |||||||||||||| ||und|| a8181650026 cMESKC library a891.433bNAR/K aNarang, Sudarshan 9372 0aKhel Khel Mein /cSudarshan Narang bNjan Vinjan Samasthan,aHapund:c2007. a133p aHindi cBK2ddch891.433iNAR/Kk891.433mNAR/K